000
00347 a2200169 4500
001
182655
020
_a
85-00-00958-6
040
_c
Magnum
100
_a
Guimaraes, Bernardo
240
1
0
_a
O seminarista
_l
por
245
1
0
_a
O seminarista
300
_a
159
362
0
_a
2002
440
1
_a
Ediouro
697
_a
LITERATURA GERAL
942
_c
BK
999
_c
182655
_d
182655